1246 1366 1066 1912 1310 1202 1209 1621 1157 1206 1749 1251 1284 1488 1835 1346 1169 1544 1190 1947 1583 1120 1302 1531 1215 1047 1108 1293 1014 1034 1428 1930 1093 1833 1930 1785 1928 1305 1646 1690 1573 1825 1036 1074 1900 1901 1489 1925 1304 1867 1536 1746 1555 1693 1886 1061 1120 1140 1004 1207 1323 1232 1938 1395 1915 1474 1912 1914 1269 1667 1990 1615 1615 1265 1969 1524 1580 1104 1914 1758 1760 1278 1451 1137 1800 1876 1534 1899 1245 1769 1637 1505 1049 1733 1107 1791 1722 1539 1262 BCNSPRNW ULIB Ver.6.0+V

เปลี่ยนเป็นภาษาไทย

Change to English
 แสดงรายละเอียดบรรณานุกรม
  กลับหน้าหลัก

Brief Record : Get Marc (ISO 2709) : E-mail record : QR code < ปิดหน้าต่าง
LEADER : 00000nam 2200000uu 4500
001    13399128811
003     ULIB
008    241008s2566||||th 000 0 tha d
020    ^a9786165720151
060  0 ^aWY164^bก388ผ
100 0  ^aกันตพร ยอดใชย
245 00 ^aผู้ป่วยโรคไตเรื้อรัง: การพยาบาลและการจัดการอาการ/^cกันตพร ยอดใชย
246 00 ^aPatients with chronic Kidney disease: nursing care and symptom management
250    ^aพิมพ์ครั้งที่ 4
260    ^aสงขลา:^bคณะพยาบาลศาสตร์ มหาวิทยาลัยสงขลานครินทร์,^c2566
501    ^aตำแหน่งหนังสือ > ชั้น 11B แถวที่ 3
650  0 ^aโรคไต- -การพยาบาล
650  0 ^aโรคไตเรื้อรัง
856    ^a^zสารบัญ^uhttps://drive.google.com/file/d/1V-mZ-s5SF3l2VTR2b_woq_bLHgmcAwjs/view?usp=share_link
945    ^p280^l0^i010955
999    ^aประนอม เกษจรัล
รายการนี้ยังไม่มีแท็ก
คุณยังไม่ได้ล็อกอิน คุณสามารถมีกิจกรรมร่วมกับเว็บไซต์ได้ แต่ต้องล็อกอินก่อน ::
  ล็อกอิน

รายการสื่อสารสนเทศ

ลำดับที่ ประเภท เลขเรียก/บาร์โค้ด สถานที่ สถานะ
1. Book การพยาบาล
หนังสือสำรอง
สถานะ=หนังสือสำรอง
WY164 ก388ผ ฉ.1 
  Barcode: 010955
ห้องสมุดวิทยาเขตสวรรค์ประชารักษ์
►หนังสือทั่วไป
บนชั้น

รายการใกล้เคียง
    ผู้แต่ง [กันตพร ยอดใชย]

    หัวเรื่อง [โรคไตเรื้อรัง]

BibComment


ยังไม่เคยถูกคอมเมนท์

คอมเมนท์ทรัพยากรรายการนี้
  คอมเมนท์: ผู้ป่วยโรคไตเรื้..


 Copyright 2026. Bcnsprnw @Library